Statistieken voor Landen op de Kreeftskeerkring

Klik hier om de quiz te nemen!

Algemene statistieken

  • Deze quiz is 448 keer genomen
  • De gemiddelde score is 13 van 17

Antwoordstatistieken

Land% Correct
Marokko
94%
Algerije
92%
Egypte
92%
Mexico
92%
India
90%
Libië
90%
Saoedi-Arabië
90%
China
86%
Myanmar
75%
Mali
70%
Mauritanië
70%
Bangladesh
69%
Oman
68%
Niger
64%
Verenigde Arabische Emiraten
63%
Taiwan
61%
Bahama's
58%

Scoreverdeling

Percentiel versus Aantal Correcte Antwoorden

Procent van Mensen met Elke Score

Uw Scoregeschiedenis

U heeft deze quiz nog niet genomen